| 000 | 01112cam a2200217 4500 | ||
|---|---|---|---|
| 001 | WB3914-12 | ||
| 008 | 030410n2003 000 0 eng u | ||
| 035 | _a(Sirsi) u121949 | ||
| 245 | _aProtecting the environment | ||
| 260 | _c2003 | ||
| 490 |
_aHM Treasury Press Release _v(PN 04) 9 April 2003 (7) |
||
| 520 | _aEnvironmental measures in the 2003 budget include an increase in the standard rate of landfill tax by £3 per tonne annually until it reaches £35 per tonne and the creation of a Waste Management Performance Fund. The climate change levy will be frozen at current rates and there will be new enhanced capital allowances for water efficient and energy-saving technologies. Full budget report available at www.hm-treasury.gov.uk/budget/bud_bud03/budget_report/bud_bud03_repindex.cfm. www.hm-treasury.gov.uk/budget/bud_bud03/press_notices/bud_bud03_press04.cfm | ||
| 590 | _aWB | ||
| 650 | _aCAPITAL ALLOWANCES | ||
| 650 | _aCLIMATE CHANGE LEVY | ||
| 650 | _aBUDGET | ||
| 650 | _aWASTE MANAGEMENT | ||
| 650 | _aLANDFILL TAX | ||
| 690 | _aENVIRONMENTAL AND LAND CONSULTANCY | ||
| 942 | _n0 | ||
| 999 |
_c72476 _d72476 |
||